| 000 | 01249nam a2200301 a 4500 | ||
|---|---|---|---|
| 008 | 951212s1978||||[C 0 slo c | ||
| 020 |
_c4 Kčs. _q(5000 výtl.) |
||
| 040 |
_aSNK _bslo _cSNK _eAACR2 |
||
| 041 | 1 |
_aslo _hger |
|
| 044 |
_axo _cSK |
||
| 080 | _a1 100.1(035.3) | ||
| 100 | 1 |
_aMarx, Karl _4aut |
|
| 245 | 1 | 0 |
_aKritika gothajského programu _bs Marxovými, Engelsovými a Leninovými prácami a listami o programe nemeckej sociálnej demokracie. Prílohy: Programové _cKarl Marx ; Ján Pleva, Pavol Musil, Dušan Plachtinský, Jana Rakšányiová, Viera Triznová, Ján Žigo, Emil Bačík, Oľga Urbaníková |
| 250 | _a1., vyd. | ||
| 260 |
_aBratislava _bPravda _aS.l. _b, b.t. [vyd.] _c1978 |
||
| 300 |
_a125 s., 6,55 AH _c20 cm |
||
| 490 | 0 | _aKnižnica marxizmu-leninizmu | |
| 500 | _aLit. 54. Spoluvyd. Progress, Moskva. Tlač. v ZSSR. Pozn. Men. reg. 54 zázn. lit. o knihách a čas. v jaz. slov., rus., nem. a franc. | ||
| 700 | 1 |
_aPleva, Ján _4com |
|
| 700 | 1 |
_aMusil, Pavol _4trl |
|
| 700 | 1 |
_aPlachtinský, Dušan _4trl |
|
| 700 | 1 |
_aRakšányiová, Jana _4trl |
|
| 700 | 1 |
_aTriznová, Viera _4trl |
|
| 700 | 1 |
_aŽigo, Ján _4trl |
|
| 700 | 1 |
_aBačík, Emil _4bkd |
|
| 700 | 1 |
_aUrbaníková, Oľga _4bkd |
|
| 958 | _aA | ||
| 999 |
_c15558 _d15558 |
||